000 02380nam a2200421Ia 4500
001 Z_5859
003 CHAP
005 20230417111045.0
007 ta
008 220601s2019 ck ao fr 001 0 spa d
020 _a978-958-98466-3-6
040 _amxchpua
_cCHAP
050 1 0 _aSF597.E3
_b.V39 2019
082 0 0 _a595.146
_bV39 2019
_220
100 1 _aVázquez Romero, Rodrigo
_9182862
_eautor
245 1 0 _aManual de lombricultura :
_bcrianza de la lombriz roja californiana (Eisenia Foetida) /
_cRodrigo Vázquez Romero y Hugo Ballesteros Chavarro
250 _a1a edición
264 _aColombia :
_bProdumedios,
_c2019
300 _a63 páginas :
_bilustraciones, tablas y fotos
336 _atexto
_btxt
_2rdacontent
337 _asin medio
_bn
_2rdamedia
338 _avolumen
_bnc
_2rdacarrier
490 1 _aManejo empresarial del campo (Produmedios)
503 _ac/e
504 _aBibliografía: páginas 61-63
505 0 _aCap. 1. Introducción -- Cap. 2. Antecedentes e historia de la lombricultura -- Cap. 3. Finalidad de la lombricultura -- Cap. 4. Biología de la lombriz de tierra (Eisenia foetida) -- Cap. 5. El sistema suelo - lombriz y la producción de humus -- Cap. 6. El cultivo de la lombriz roja californiana (Eisenia foetida) -- Cap. 7. Administración de empresas de lombricultura y BPM
520 2 _aLa lombricultura genera productos como el humus, el vermicompost y la proteína de lombriz que se utilizan en la producción agropecuaria "limpia", mejoran los suelos, reciclan materiales de desecho de las fincas y sustentan la producción de alimentos orgánicos muy apetecidos en los mercados internacionales. Esta obra presenta de forma detallada los aspectos biológicos y los parámetros de producción, manejo y beneficio que permitirán al productor establecer explotaciones competitivas, sostenibles y rentables bajo el enfoque de Buenas prácticas bajo el enfoque de Buenas Prácticas de Manejo.
650 1 3 _aVermicultura
_9138001
650 1 3 _aLombrices de tierra
_967520
650 1 3 _aVermiculture
_9158760
650 1 3 _aEarthworms
_9158759
700 1 _aBallesteros Chavarro, Hugo
_9182864
_eautor
830 _9186686
_aManejo empresarial del campo (Produmedios)
901 _a595.146 V39 2019
902 _aA
905 _a0000002008 0000000000 00
942 _2ddc
_cLIBRO
999 _c217018
_d217018